[Event "IND-ch (Women)"]
[Site "Pune"]
[Date "2007.11.14"]
[Round "10"]
[White "Athirai, S."]
[Black "Anuprita, Patil"]
[Result "1-0"]
[WhiteElo "2000"]
[BlackElo "2060"]
[PlyCount "89"]
[EventDate "2007.11.06"]
[EventType "swiss"]
[EventRounds "11"]
[EventCountry "IND"]
[SourceTitle "EXT 2008"]
[Source "ChessBase"]
[SourceDate "2007.11.25"]
[SourceVersion "1"]
[SourceVersionDate "2007.11.25"]
[SourceQuality "1"]

1. e4 c5 2. Nf3 e6 3. d4 cxd4 4. Nxd4 Qb6 5. Nc3 Bc5 6. Be3 Nc6 7. Na4 Qa5+ 8. c3 Bxd4 9. Bxd4 Nxd4 10. Qxd4 e5 11. Qc4 Nf6 12. Bd3 a6 13. Bc2 0-0 14. 0-0 d6 15. b4 Qd8 16. Qd3 b5 17. Nb2 Bb7 18. Qe2 Rc8 19. c4 Qc7 20. Bd3 bxc4 21. Nxc4 Bxe4 22. Nxe5 Rfe8 23. Nf3 Qb6 24. a3 Bb7 25. Qd1 Nd5 26. Bf5 Rcd8 27. Qb3 g6 28. Bd3 Nf4 29. Ng5 Bd5 30. Bc4 Ne2+ 31. Kh1 Nd4 32. Qd3 Bxc4 33. Qxc4 Ne6 34. Ne4 Kg7 35. Rad1 f6 36. f4 Nf8 37. f5 g5 38. Ng3 Nd7 39. Nh5+ Kf8 40. Rfe1 Qf2 41. Rf1 Qb6 42. Rde1 Rxe1 43. Rxe1 Ne5 44. Qe6 Rd7 45. Rxe5 1-0

[Event "IND-chB (Women) 34th"]
[Site "Hyderabad"]
[Date "2007.05.21"]
[Round "?"]
[White "Athirai, S."]
[Black "Shristi, J Shetty"]
[Result "1-0"]
[WhiteElo "1963"]
[BlackElo "1904"]
[PlyCount "81"]
[EventDate "2007.05.21"]
[EventType "swiss"]
[EventRounds "11"]
[EventCountry "IND"]
[SourceTitle "EXT 2010"]
[Source "ChessBase"]
[SourceDate "2010.11.25"]
[SourceVersion "1"]
[SourceVersionDate "2010.11.25"]
[SourceQuality "1"]

1. e4 c5 2. Nf3 Nc6 3. d4 cxd4 4. Nxd4 Nf6 5. Nc3 e5 6. Ndb5 d6 7. Bg5 a6 8. Na3 b5 9. Nd5 Be7 10. Bxf6 Bxf6 11. c3 0-0 12. Nc2 Bg5 13. Nce3 Bxe3 14. Nxe3 Ne7 15. a4 bxa4 16. Rxa4 a5 17. Nc4 Qc7 18. Qxd6 Qxd6 19. Nxd6 Bd7 20. Bb5 Bxb5 21. Nxb5 Rfb8 22. c4 Nc8 23. Ra2 Nb6 24. Nd6 Nc8 25. Nb5 Nb6 26. c5 Nc4 27. Nc7 Ra7 28. Nd5 Rc8 29. b3 Nd6 30. cxd6 Rc1+ 31. Ke2 Rxh1 32. Nc7 Rb7 33. Rxa5 Rb8 34. d7 Kf8 35. Rxe5 g6 36. Re8+ Rxe8 37. dxe8Q+ Kg7 38. Qe5+ Kf8 39. Nd5 f6 40. Qxf6+ Ke8 41. Qe7# 1-0